[Event "South Moravia Region-chT 2223"]
[Site "Czech Republic"]
[Date "2023.01.29"]
[Round "7.4"]
[White "Svobodova, Michaela"]
[Black "Rehurek, Karel"]
[Result "1-0"]
[WhiteElo "1980"]
[BlackElo "1789"]
[PlyCount "39"]
[EventDate "2022.10.09"]
[EventType "team-tourn"]
[EventRounds "11"]
[EventCountry "CZE"]
[SourceTitle "EXT 2024"]
[Source "ChessBase"]
[SourceDate "2023.10.10"]
[SourceVersion "1"]
[SourceVersionDate "2023.10.10"]
[SourceQuality "1"]

1. e4 e5 2. Nf3 Nc6 3. Nc3 Nf6 4. d4 exd4 5. Nxd4 Bb4 6. Nxc6 Bxc3+ 7. bxc3 bxc6 8. Bd3 0-0 9. 0-0 Qe7 10. Bg5 Qe5 11. f4 Qxc3 12. e5 Qd4+ 13. Kh1 Ne4 14. Bh4 g6 15. Bxe4 Qxe4 16. Bf6 Ba6 17. Re1 Qf5 18. Re3 Qxf4 19. Rf3 Qg4 20. Qd2 1-0

[Event "Brno Trade op"]
[Site "Brno"]
[Date "2021.09.03"]
[Round "7"]
[White "Rehurek, Karel"]
[Black "Lisik, Miroslav"]
[Result "1/2-1/2"]
[WhiteElo "1798"]
[BlackElo "1680"]
[PlyCount "56"]
[EventDate "2021.08.29"]
[EventType "swiss"]
[EventRounds "9"]
[EventCountry "CZE"]
[SourceTitle "CBM 204 Extra"]
[Source "ChessBase"]
[SourceDate "2021.11.30"]
[SourceVersion "1"]
[SourceVersionDate "2021.11.30"]
[SourceQuality "1"]

1. e4 c5 2. Nc3 g6 3. g3 Nc6 4. Bg2 Bg7 5. d3 d6 6. Be3 Rb8 7. Rb1 b5 8. Nf3 b4 9. Na4 Nf6 10. 0-0 0-0 11. c4 Bd7 12. a3 Qa5 13. axb4 Nxb4 14. Ra1 Qc7 15. Nc3 Ng4 16. Bf4 Rb6 17. h3 Nf6 18. Qd2 Rfb8 19. Ra3 a6 20. b3 Nc6 21. Qa2 Qb7 22. Nd2 Qc8 23. Nf3 Nb4 24. Qd2 Bxh3 25. Rfa1 Bxg2 26. Kxg2 Ng4 27. Re1 Nc6 28. Qc2 Nb4 1/2-1/2

[Event "Brno Trade op"]
[Site "Brno"]
[Date "2021.08.29"]
[Round "2"]
[White "Rehurek, Karel"]
[Black "Fiala, Vaclav"]
[Result "0-1"]
[WhiteElo "1798"]
[BlackElo "2307"]
[PlyCount "70"]
[EventDate "2021.08.29"]
[EventType "swiss"]
[EventRounds "9"]
[EventCountry "CZE"]
[SourceTitle "CBM 204 Extra"]
[Source "ChessBase"]
[SourceDate "2021.11.30"]
[SourceVersion "1"]
[SourceVersionDate "2021.11.30"]
[SourceQuality "1"]

1. e4 c5 2. Nc3 d6 3. g3 Nc6 4. Bg2 g6 5. d3 Bg7 6. Be3 e6 7. Qc1 Rb8 8. Nf3 b5 9. 0-0 b4 10. Ne2 a5 11. d4 Ba6 12. Re1 Bxe2 13. Rxe2 Nxd4 14. Bxd4 cxd4 15. e5 Ne7 16. Nxd4 0-0 17. Nf3 Qc7 18. exd6 Qxd6 19. Rb1 Rbc8 20. Qd2 Rfd8 21. Qxd6 Rxd6 22. Ne5 Bxe5 23. Rxe5 Rxc2 24. Rxa5 Rdd2 25. Rf1 Rxb2 26. Ra8+ Kg7 27. a4 Nf5 28. Be4 Nd6 29. Bf3 Ra2 30. Rb8 Rxa4 31. Bc6 Ra6 32. Bb5 Raa2 33. Bc6 Rab2 34. Bf3 Nf5 35. Be4 Nd4 0-1